000 00247nam a22001217a 4500
008 170203b xxu||||| |||| 00| 0 ALB d
041 _aalb
080 _a61
100 _a3
101 _aSHM
245 _aOSTEOLOGJIA
_cGASHI, A.A
942 _2udc
_cBK
999 _c4546
_d4546